A Shorter Intermediate Mechanics (Record no. 4166)

MARC details
005 - DATE AND TIME OF LATEST TRANSACTION
control field 20250616171234.0
020 ## - INTERNATIONAL STANDARD BOOK NUMBER
International Standard Book Number 0 582 32236 7
082 ## - DEWEY DECIMAL CLASSIFICATION NUMBER
Classification number LM 531.163 HUM
100 ## - MAIN ENTRY--PERSONAL NAME
Author name HUMPHREY, D.
245 ## - TITLE STATEMENT
Title A Shorter Intermediate Mechanics
260 ## - PUBLICATION, DISTRIBUTION, ETC.
Place of publication, distribution, etc. London,
Name of publisher, distributor, etc. Longman Group Limited,
Date of publication, distribution, etc. 1980.
300 ## - PHYSICAL DESCRIPTION
Extent xv, 728p.: ill.; figure, graph.
Dimensions 22cm.
700 ## - ADDED ENTRY--PERSONAL NAME
Other authors/Editors TOPPING, J.
942 ## - ADDED ENTRY ELEMENTS (KOHA)
Source of classification or shelving scheme Dewey Decimal Classification
Koha item type Books
Holdings
Date last seen Total checkouts Full call number Barcode Cost, replacement price Price effective from Koha item type Lost status Source of classification or shelving scheme Damaged status Not for loan Withdrawn status Home library Current library Shelving location Date acquired Cost, normal purchase price
06/16/2025   LM 531.163 HUM 000000 13102 30000.00 06/16/2025 Books   Dewey Decimal Classification       College of Business Education Main Library College of Business Education Main Library General Collection 11/03/1982 10000.00